15 histoires de football / (Record no. 11624)
[ view plain ]
| 000 -LEADER | |
|---|---|
| fixed length control field | 00436cam a2200169 a 4500 |
| 020 ## - INTERNATIONAL STANDARD BOOK NUMBER | |
| ISBN | 2217040766 |
| 040 ## - CATALOGING SOURCE | |
| Transcribing agency | DLC |
| 082 ## - DEWEY DECIMAL CLASSIFICATION NUMBER | |
| Classification number | 843 GAU 1997 A092 Or. |
| 100 1# - MAIN ENTRY--AUTHOR NAME | |
| Personal name | Borgal, Clément. |
| 245 10 - TITLE STATEMENT | |
| Title | 15 histoires de football / |
| 260 ## - PUBLICATION, DISTRIBUTION, ETC. (IMPRINT) | |
| Place of publication | [Paris] : |
| Name of publisher | Gautier-Languereau, |
| Year of publication | c1979. |
| 300 ## - PHYSICAL DESCRIPTION | |
| Number of Pages | 217 p. : |
| Other physical details | ill. ; |
| Dimensions | 22 cm. |
| 490 0# - SERIES STATEMENT | |
| Series statement | Série 15 |
| 650 #0 - SUBJECT ADDED ENTRY--TOPICAL TERM | |
| Topical Term | Children's stories, French. |
| 650 #0 - SUBJECT ADDED ENTRY--TOPICAL TERM | |
| Topical Term | Football stories. |
| 942 ## - ADDED ENTRY ELEMENTS (KOHA) | |
| Koha item type | សៀវភៅភាសាបារាំង |
| 952 ## - LOCATION AND ITEM INFORMATION (KOHA) | |
| Withdrawn status [LOCAL, KOHA] | 0 |
| Permanent Location | Date acquired | Koha item type | Lost status | Shelving location | Barcode | Current Location | Full call number |
|---|---|---|---|---|---|---|---|
| Library Block A | 2017-08-04 | សៀវភៅភាសាបារាំង | A094 | A18276 | Library Block A | 843 GAU 1997 A094 Or. |